Study on integrated farming system of church world service (CWS) in svay rieng province,(ការសិក្សាអំពីប្រព័ន្ធកសិកម្មចំរុះរបស់អង្គការគ្រឹស្តសាសនាបំរើពិភពលោក(ស៊ីដាប់វ៉ាយូអេស) (Record no. 582)

000 -LEADER
fixed length control field 00695nam a22001577a 4500
003 - CONTROL NUMBER IDENTIFIER
control field OSt
005 - DATE AND TIME OF LATEST TRANSACTION
control field 20150916153213.0
008 - FIXED-LENGTH DATA ELEMENTS--GENERAL INFORMATION
fixed length control field 150916b xxu||||| |||| 00| 0 eng d
040 ## - CATALOGING SOURCE
Transcribing agency RUA
082 ## - DEWEY DECIMAL CLASSIFICATION NUMBER
Classification number AGR MEA 2003 B029 Or.1
100 ## - MAIN ENTRY--PERSONAL NAME
9 (RLIN) 607
Personal name MEACH CHNTMILL
245 ## - TITLE STATEMENT
Title Study on integrated farming system of church world service (CWS) in svay rieng province,(ការសិក្សាអំពីប្រព័ន្ធកសិកម្មចំរុះរបស់អង្គការគ្រឹស្តសាសនាបំរើពិភពលោក(ស៊ីដាប់វ៉ាយូអេស)
260 ## - PUBLICATION, DISTRIBUTION, ETC. (IMPRINT)
Place of publication, distribution, etc. phnom penh
Name of publisher, distributor, etc. RUA
Date of publication, distribution, etc. 2003
300 ## - PHYSICAL DESCRIPTION
Extent 49p.
Dimensions ill.
Size of unit 29cm.
942 ## - ADDED ENTRY ELEMENTS (KOHA)
Source of classification or shelving scheme
Koha item type AGR
Holdings
Price effective from Date last seen Permanent Location Not for loan Date acquired Source of classification or shelving scheme Koha item type Barcode Lost status Damaged status Withdrawn status Current Location Full call number
2015-09-162015-09-16Library Block B 2015-09-16 AGR    Library Block BAGR MEA 2003 B029 Or.1
2015-09-162015-09-16Library Block B 2015-09-16 AGRRUA001542   Library Block BAGR MEA 2003 B029 Or.2
មជ្ឈមណ្ឌលឯការនៃសាកលវិទ្យាល័យភូមិន្ទកសិកម្មចំការដូង

Powered by Koha